Skip to main content
Your cart is empty.
Your lists
Log in to create your own lists
Your cookies
العربية
English
العربية
Home
Search
Advanced search
Authority search
About
The noble scholar, jurist, historian
His Excellency Dr. Abdul Wahhab bin Ibrahim Abu Sulaiman, may Allah have mercy on him.
He was born in Umm Al-Qura in the year 1356 AH.
Library catalog
Title
Author
Subject
ISBN
ISSN
Series
Call number
Log in to your account
×
Login:
Password:
Home
MARC view: المغاربة في المدينة المنورة إبان القرن الثاني عشر الهجري / الثامن عشر الميلادي /
Normal view
MARC view
ISBD view
المغاربة في المدينة المنورة إبان القرن الثاني عشر الهجري / الثامن عشر الميلادي / (Record no. 10340)
[
view plain
]
MARC details
000 -LEADER
fixed length control field
02351cam a22002891i 4500
003 - CONTROL NUMBER IDENTIFIER
control field
SA-RiAUC
005 - DATE AND TIME OF LATEST TRANSACTION
control field
20250728034552.0
008 - FIXED-LENGTH DATA ELEMENTS--GENERAL INFORMATION
fixed length control field
250726s2006 ua g b 00010 ara c
020 ## - INTERNATIONAL STANDARD BOOK NUMBER
International Standard Book Number
9776048390
040 ## - CATALOGING SOURCE
Original cataloging agency
SA-RiKAPL
Language of cataloging
ara
Transcribing agency
SA-RiAUC
Modifying agency
KAC
Description conventions
rda
043 ## - GEOGRAPHIC AREA CODE
Geographic area code
a-su---
082 04 - DEWEY DECIMAL CLASSIFICATION NUMBER
Classification number
953.122
Assigning agency
SA-RiAUC
090 ## - LOCALLY ASSIGNED LC-TYPE CALL NUMBER (OCLC); LOCAL CALL NUMBER (RLIN)
Classification number (OCLC) (R) ; Classification number, CALL (RLIN) (NR)
953.122
Local cutter number (OCLC) ; Book number/undivided call number, CALL (RLIN)
ب ي و
100 1# - MAIN ENTRY--PERSONAL NAME
Personal name
بيومي، محمد علي فهيم
Relator term
مؤلف.
245 12 - TITLE STATEMENT
Title
المغاربة في المدينة المنورة إبان القرن الثاني عشر الهجري / الثامن عشر الميلادي /
Statement of responsibility, etc.
محمد علي فهيم بيومي.
250 ## - EDITION STATEMENT
Edition statement
الطبعة الأولى.
264 #1 - PRODUCTION, PUBLICATION, DISTRIBUTION, MANUFACTURE, AND COPYRIGHT NOTICE
Place of production, publication, distribution, manufacture
القاهرة :
Name of producer, publisher, distributor, manufacturer
دار القاهرة،
Date of production, publication, distribution, manufacture, or copyright notice
2006.
300 ## - PHYSICAL DESCRIPTION
Extent
263 صفحة ؛
Dimensions
24 سم
336 ## - CONTENT TYPE
Content type term
نص
Content type code
txt
Source
rdacontent
Materials specified
كتاب
337 ## - MEDIA TYPE
Media type term
بدون وسيط
Media type code
n
Source
rdamedia
338 ## - CARRIER TYPE
Carrier type term
مجلد
Carrier type code
nc
Source
rdacarrier
504 ## - BIBLIOGRAPHY, ETC. NOTE
Bibliography, etc. note
ببليوجرافية : صفحة 235-256.
520 ## - SUMMARY, ETC.
Summary, etc.
يتناول الكتاب تاريخ وجود المغاربة في المدينة المنورة خلال تلك الفترة الزمنية. يسلط الكتاب الضوء على الأدوار الاجتماعية والثقافية والدينية التي لعبها المغاربة في المدينة، وكيف تأثروا وتأثروا بالمجتمع المحلي، يتناول الكتاب عدة محاور رئيسية، منها : الهجرة المغربية إلى المدينة المنورة : الأسباب والدوافع التي دفعت المغاربة للهجرة إلى المدينة، التفاعل الثقافي والديني : كيف ساهم المغاربة في الحياة الدينية والثقافية في المدينة، بما في ذلك مشاركتهم في الأنشطة الدينية والتعليمية، الأدوار الاجتماعية : الأدوار التي لعبها المغاربة في المجتمع المدني، بما في ذلك العلاقات الاجتماعية والاقتصادية، التحديات والصعوبات : التحديات التي واجهها المغاربة في المدينة وكيف تغلبوا عليها.
651 #7 - SUBJECT ADDED ENTRY--GEOGRAPHIC NAME
Geographic name
المدينة المنورة
General subdivision
تاريخ
Chronological subdivision
قرن 12 هجري
Source of heading or term
aucsh
942 ## - ADDED ENTRY ELEMENTS (KOHA)
Source of classification or shelving scheme
Dewey Decimal Classification
Koha item type
Books
Suppress in OPAC
No
949 ## - LOCAL PROCESSING INFORMATION (OCLC)
a
SA-JeALM
d
250726
u
mohamedma123
n
1
Holdings
Withdrawn status
Lost status
Source of classification or shelving scheme
Damaged status
Not for loan
Home library
Current library
Date acquired
Total checkouts
Full call number
Barcode
Date last seen
Price effective from
Koha item type
Dewey Decimal Classification
DR AbdElwahab Library
DR AbdElwahab Library
07/28/2025
953.122 ب ي و
000016782
07/28/2025
07/28/2025
Books
Dewey Decimal Classification
DR AbdElwahab Library
DR AbdElwahab Library
08/18/2025
953.122 ب ي و
000017799
08/18/2025
08/18/2025
Books
Dewey Decimal Classification
DR AbdElwahab Library
DR AbdElwahab Library
09/02/2025
953.122 ب ي و
000018440
09/02/2025
09/02/2025
Books
Place hold
Print
Add to your cart
(remove)
Save record
BIBTEX
Dublin Core
MARCXML
MARC (non-Unicode/MARC-8)
MARC (Unicode/UTF-8)
MARC (Unicode/UTF-8, Standard)
MODS (XML)
RIS
ISBD
More searches
Search for this title in:
Other Libraries (WorldCat)
Other Databases (Google Scholar)
Online Stores (Bookfinder.com)
Open Library (openlibrary.org)
Exporting to Dublin Core...
×
Simple DC-RDF
OAI-DC
SRW-DC